| 000 | 00828nam a22002417a 4500 | ||
|---|---|---|---|
| 999 |
_c8138 _d8138 |
||
| 003 | AR-CdUCM | ||
| 008 | 190322b ||||| |||| 00| 0 spa d | ||
| 040 |
_aMUNICIPALIDAD PROVINCIAL DEL CUSCO _cBIBLIOTECA MUNICIPAL DEL CUSCO |
||
| 041 | _hita | ||
| 082 |
_a631.7 / _bT81 |
||
| 100 |
_aTrisoldi, Angel _922970 |
||
| 245 |
_aEl riego : _bplanificación y practicas / |
||
| 260 |
_aBarcelona : _bAedos, _c1966. |
||
| 300 |
_a264 páginas ; _bIlustraciones, _c20 cm. |
||
| 500 | _aTitulo original: L´irrigazione. | ||
| 505 | _aLas aguas de riego -- Hidrológica del terreno agrario -- Transpiración de las plantas -- Presupuesto hídrico ... | ||
| 650 |
_aSistema de riego _922971 |
||
| 650 |
_aAgua _919441 |
||
| 650 |
_aAsperción _919536 |
||
| 700 |
_aValle Arribas, José _922972 |
||
| 942 |
_2ddc _cLIBROS |
||
| 945 | _aacv | ||